00648 2200229 4500001002100000005001700021008004100038020001800079035002500097082001100122090001800133100002400151245006600175250001800241260003000259300003300289500002600322500003100348650001500379850001200394990001200406YOGYA-0209000000468420150528113423.0 ind  a979-499-074-4 a0010-020900000004684 a001.51 a001.51bSun P aSUNARYO, Junaesih S aPengantar ilmu komunikasicdisusun oleh Djoenaesih S. Sunarjo aEd. 1, cet. 1 aYogyakartabLibertyc1991 a... Jilid :bilus. ;c21 cm. aYang diterima : Jl. I aBibliografi : hlm. 103-107 aKomunikasi aYOPDYOG a33016-P